000 00407nam a22001697a 4500
003 NUST - PNEC
005 20170116181034.0
008 150907b xxu||||| |||| 00| 0 eng d
020 _a-
040 _cLIBRARY
082 _a662.6 SMI
100 _911255
_aSmith, Marion L.
245 _aFuels and combustions
_cMarion L. Smith
260 _cc.1952
650 _911257
_aCombustion
_xME
942 _2ddc
_cBK
999 _c67843
_d67843